000 00443 a2200157 4500
001 191248
020 _a85-85725-61-3
040 _cMagnum
100 _aVinha, Telma Pileggi
240 1 0 _aO educador e a moralidade infantil: uma visão construtivista
_lpor
245 1 0 _aO educador e a moralidade infantil: uma visão construtivista
300 _a623
362 0 _a2000
697 _aEDUCAÇÃO EM GERAL E DISCIPLINAS AFINS
942 _cBK
999 _c191248
_d191248